Ave María - David Bisbal - Estadísticas

Estadísticas generales
  • Esta prueba ha sido intentada 271 veces
  • La puntuación promedio es 166 de 201
Estadísticas de respuestas
% Correcto
a
100%
Estribillo Ave
99%
¿cuándo
99%
cuando
99%
María,
99%
mi
99%
se
99%
99%
mía?
98%
serás
98%
Si
98%
te
98%
me
94%
y
93%
Pre-estribillo Y
93%
daría
92%
todo
92%
yo
91%
quisieras,
89%
lo
87%
Al
86%
de
86%
que
86%
tu
85%
85%
85%
no
83%
ti
83%
en
82%
mismo
81%
por
81%
cielo
80%
la
80%
llevaría
80%
eres
79%
quiero,
79%
tus
79%
dentro
78%
siento
78%
tan
78%
enamoro
77%
más
77%
tesoro
77%
palabra
76%
veo,
76%
el
75%
solo
75%
una
75%
sin
73%
Verso Sin
73%
Verso Dime
72%
vida
71%
tengo
70%
tengo,
70%
quemo
68%
alma
66%
devuelva
65%
nada
63%
con
59%
besos
55%
quede
54%
perdido
51%
Porque
51%
pido,
46%
pido
46%
ya
41%
Envuélveme
33%
cariño
32%
salida
31%
Enséñame
30%
guarida
30%
contigo
28%
siempre
27%
Llévame
26%
fuego
24%
Refúgiame
24%
Protégeme
23%
Enciéndeme
22%
No se encontraron pruebas coincidentes
Distribución de puntuación
Porcentaje de gente con cada puntuación
Porcentaje por número respondido
Historial de tus puntuaciones
No has intentado esta prueba.